Top 100 Beatles Songs - Statistics

General Stats
  • This quiz has been taken 3,086 times
  • The average score is 47 of 100
Answer Stats
# Song Album % Correct
15 Help! Help!
95%
8 Let It Be Let It Be
95%
11 A Hard Day's Night A Hard Day's Night
87%
7 Hey Jude Past Masters
86%
74 Yellow Submarine Revolver / Yellow Submarine
86%
4 Yesterday Help!
85%
3 Strawberry Fields Forever Magical Mystery Tour
78%
9 Come Together Abbey Road
77%
22 Eleanor Rigby Revolver
77%
1 A Day In The Life Sgt. Pepper's Lonely Hearts Club Band
75%
32 Penny Lane Magical Mystery Tour
74%
20 Please Please Me Please Please Me
74%
28 Here Comes The Sun Abbey Road
73%
19 Lucy In The Sky With Diamonds Sgt. Pepper's Lonely Hearts Club Band
72%
6 Something Abbey Road
71%
2 I Want To Hold Your Hand Past Masters
70%
12 Norwegian Wood (This Bird Has Flown) Rubber Soul
69%
33 I Am The Walrus Magical Mystery Tour
66%
87 Love Me Do Please Please Me / Past Masters
66%
60 Sgt. Pepper's Lonely Hearts Club Band Sgt. Pepper's Lonely Hearts Club Band
66%
14 She Loves You Past Masters
66%
5 In My Life Rubber Soul
64%
10 While My Guitar Gently Weeps The Beatles
64%
21 All You Need Is Love Magical Mystery Tour
63%
85 Back In The U.S.S.R. The Beatles
63%
38 Blackbird The Beatles
62%
41 Get Back Let It Be
62%
61 With A Little Help From My Friends Sgt. Pepper's Lonely Hearts Club Band
62%
13 Revolution Past Masters
61%
43 Drive My Car Rubber Soul
60%
34 Eight Days A Week Beatles For Sale
60%
55 Taxman Revolver
59%
17 Ticket To Ride Help!
57%
35 Paperback Writer Past Masters
55%
16 I Saw Her Standing There Please Please Me
54%
90 The Long And Winding Road Let It Be
54%
84 Across The Universe Let It Be
53%
100 Hello, Goodbye Magical Mystery Tour
53%
52 Helter Skelter The Beatles
53%
29 Can't Buy Me Love A Hard Day's Night
52%
39 Day Tripper Past Masters
48%
86 Lady Madonna Past Masters
48%
66 Nowhere Man Rubber Soul
48%
44 All My Loving With The Beatles
47%
62 Girl Rubber Soul
47%
25 Here, There And Everywhere Revolver
47%
18 Tomorrow Never Knows Revolver
46%
65 And I Love Her A Hard Day's Night
45%
23 Abbey Road Medley Abbey Road
44%
63 Dear Prudence The Beatles
44%
67 Oh! Darling Abbey Road
44%
59 I Want You (She's So Heavy) Abbey Road
43%
69 Julia The Beatles
43%
46 Don't Let Me Down Past Masters
41%
82 She's Leaving Home Sgt. Pepper's Lonely Hearts Club Band
41%
48 The Ballad Of John And Yoko Past Masters
41%
77 Because Abbey Road
40%
30 We Can Work It Out Past Masters
40%
26 If I Fell A Hard Day's Night
39%
88 Rain Past Masters
39%
24 Happiness Is A Warm Gun The Beatles
38%
40 For No One Revolver
37%
81 Hey Bulldog Yellow Submarine
37%
57 I'm Only Sleeping Revolver
37%
31 You've Got To Hide Your Love Away Help!
37%
89 Good Day Sunshine Revolver
36%
50 Got To Get You Into My Life Revolver
36%
42 I Feel Fine Past Masters
36%
78 And Your Bird Can Sing Revolver
35%
54 Two Of Us Let It Be
35%
96 Within You Without You Sgt. Pepper's Lonely Hearts Club Band
35%
72 From Me To You Past Masters
33%
93 Sexy Sadie The Beatles
33%
37 She Said, She Said Revolver
33%
92 Dig A Pony Let It Be
31%
58 I've Just Seen A Face Help!
31%
45 No Reply Beatles For Sale
30%
79 I'll Follow The Sun Beatles For Sale
29%
68 Baby, You're A Rich Man Magical Mystery Tour
27%
71 I'm A Loser Beatles For Sale
27%
64 I've Got A Feeling Let It Be
27%
51 If I Needed Someone Rubber Soul
26%
36 I Should Have Known Better A Hard Day's Night
26%
49 The Night Before Help!
26%
27 You're Going To Lose That Girl Help!
26%
83 I'm So Tired The Beatles
25%
76 Yer Blues The Beatles
25%
94 You Won't See Me Rubber Soul
24%
75 Think For Yourself Rubber Soul
22%
53 It Won't Be Long With The Beatles
21%
98 Long, Long, Long The Beatles
21%
47 Things We Said Today A Hard Day's Night
21%
80 Mother Nature's Son The Beatles
20%
70 You Can't Do That A Hard Day's Night
20%
56 I'm Down Past Masters
19%
95 Any Time At All A Hard Day's Night
17%
99 Yes It Is Past Masters
16%
97 All I've Got To Do With The Beatles
14%
91 Every Little Thing Beatles For Sale
13%
73 Everybody's Got Something To Hide Except Me And My Monkey The Beatles
11%
No matching quizzes found
Score Distribution
Percent of People with Each Score
Percentile by Number Answered
Your Score History
You have not taken this quiz